000
00258nam a2200109Ia 4500
008
200302s9999 xx 000 0 und d
100
_a
Percival Spear
245
_a
A History of India Vol 2
260
_b
Penguin Group Ltd.
260
_c
2001
300
_a
298 P.,
999
_c
5476
_d
5476